Fußballclubs erraten #2 - Statistiken

Allgemein
  • Dieses Quiz wurde 71 mal gespielt
  • Das Durchschnittsergebnis liegt bei 6 aus 10
Antwortstatistiken
Fußball-Club % Korrekt
1860 München
92%
1. FC Nürnberg
85%
FC Schalke 04
84%
RB Leipzig
67%
Greuther Fürth
59%
Dynamo Dresden
49%
FC Augsburg 1907
41%
Eintracht Frankfurt
38%
SV Wehen Wiesbaden
36%
VfL Osnabrück
23%
Keine übereinstimmenden Quizze gefunden
Verteilung der Resultate
Anzahl Personen mit jedem Resultat
Perzentil nach korrekt beantworteten Fragen
Ihre Resultats-Entwicklung
Sie haben dieses Quiz noch nicht gespielt